RICS housing market survey United Kingdom (Record no. 108335)

MARC details
000 -LEADER
fixed length control field 01508cad a22002295a 4500
001 - CONTROL NUMBER
control field E143994
008 - FIXED-LENGTH DATA ELEMENTS--GENERAL INFORMATION
fixed length control field 080611e20080610xxkd f s 000 0 eng d
035 ## - SYSTEM CONTROL NUMBER
System control number (Sirsi) u143994
041 0# - LANGUAGE CODE
Language code of text/sound track or separate title eng
050 04 - LIBRARY OF CONGRESS CALL NUMBER
Classification number 333.33 $2 18
110 2# - MAIN ENTRY--CORPORATE NAME
Corporate name or jurisdiction name as entry element Royal Institution of Chartered Surveyors
9 (RLIN) 4900
245 00 - TITLE STATEMENT
Title RICS housing market survey United Kingdom
Remainder of title May 2008
Medium [electronic resource]
260 ## - PUBLICATION, DISTRIBUTION, ETC.
Place of publication, distribution, etc. London
Name of publisher, distributor, etc. RICS
Date of publication, distribution, etc. 2008
490 ## - SERIES STATEMENT
Series statement RICS Housing Market Survey United Kingdom
Volume/sequential designation May 2008
520 ## - SUMMARY, ETC.
Summary, etc. The balance of Chartered Surveyors reporting house price falls decreased somewhat in May, with the average number of transactions per surveyor falling further. The RICS house price balance improved slightly for the first time in ten months but still remains a depressed figure and 92.9% more Chartered Surveyors reported a fall than a rise in house prices, a decrease from 94.7% in April. The continuing lack of demand in the housing market is demonstrated by the collapse in transactions. Also, the average number of transactions per surveyor (over the last three months) is now at 17.4, the lowest figure since 1978 and the net balance of new agreed sales remains in negative territory.
590 ## - LOCAL NOTE (RLIN)
Local note KA
650 24 - SUBJECT ADDED ENTRY--TOPICAL TERM
Topical term or geographic name entry element RICS HOUSING MARKET SURVEY UNITED KINGDOM
651 #4 - SUBJECT ADDED ENTRY--GEOGRAPHIC NAME
Geographic name United Kingdom
Chronological subdivision
690 ## - LOCAL SUBJECT ADDED ENTRY--TOPICAL TERM (OCLC, RLIN)
Topical term or geographic name as entry element PROPERTY-RESIDENTIAL PROPERTY-RESIDENTIAL PROPERTY MARKET
856 40 - ELECTRONIC LOCATION AND ACCESS
Uniform Resource Identifier <a href="https://www.rics.org/site/scripts/download_info.aspx?downloadID=37">https://www.rics.org/site/scripts/download_info.aspx?downloadID=37</a>
Public note View the item free of charge at www.rics.org...
942 ## - ADDED ENTRY ELEMENTS (KOHA)
Suppress in OPAC 0
Holdings
Withdrawn status Lost status Source of classification or shelving scheme Damaged status Not for loan Home library Current library Shelving location Date acquired Total Checkouts Full call number Barcode Date last seen Copy number Price effective from Koha item type
    Dewey Decimal Classification     Virtual Virtual Online 11/06/2008   ONLINE PUBLICATION 143994-2001 06/08/2019 1 06/08/2019 Book